|
|
|
|
| LEADER |
00828nam a2200289 4500 |
| 001 |
DLU150167962 |
| 005 |
##20150313 |
| 040 |
# |
# |
|a DLU
|b vie
|
| 041 |
# |
# |
|a vie
|
| 044 |
# |
# |
|a vn
|
| 100 |
# |
# |
|a Nguyen Ngoc Linh.
|
| 245 |
# |
# |
|a Synthesis of some 1,3,5-triaryl-2-pyrazolines as fluorescence materials /
|c Nguyen Ngoc Linh, ...[et al.].
|
| 700 |
# |
# |
|a Chu Thi Huong.
|
| 700 |
# |
# |
|a Nguyen Thi Hong Nhung.
|
| 700 |
# |
# |
|a Pham Van Ben.
|
| 700 |
# |
# |
|a Tran Minh Thi.
|
| 700 |
# |
# |
|a Vu Quoc Trung.
|
| 773 |
# |
# |
|t Hóa học
|g Số 5, 2012, tr. 591-596
|
| 920 |
# |
# |
|a Phòng Tạp chí -- Trung tâm Thông tin - Thư viện Trường Đại học Đà Lạt
|
| 994 |
# |
# |
|a DLU
|
| 900 |
# |
# |
|a True
|
| 911 |
# |
# |
|a Hoàng Thị Huyền
|
| 925 |
# |
# |
|a G
|
| 926 |
# |
# |
|a A
|
| 927 |
# |
# |
|a BB
|
| 980 |
# |
# |
|a Thư viện Trường Đại học Đà Lạt
|